[Event "AUT-chT (Women) 1819"]
[Site "Austria"]
[Date "2019.01.20"]
[Round "5.4"]
[White "Tarmastin, Laura"]
[Black "Saler Grafenberger, Elisabeth"]
[Result "1-0"]
[WhiteElo "1871"]
[BlackElo "1907"]
[PlyCount "105"]
[EventDate "2018.11.17"]
[EventType "team-swiss"]
[EventRounds "7"]
[EventCountry "AUT"]
[SourceTitle "CBM 189 Extra"]
[Source "ChessBase"]
[SourceDate "2019.06.03"]
[SourceVersion "1"]
[SourceVersionDate "2019.06.03"]
[SourceQuality "1"]
[WhiteTeam "St Veit/Glan (W)"]
[BlackTeam "Steyr (W)"]
[WhiteTeamCountry "AUT"]
[BlackTeamCountry "AUT"]

1. e4 d6 2. d4 Nf6 3. Nd2 e5 4. c3 Be7 5. Bc4 0-0 6. Ngf3 Nbd7 7. 0-0 c6 8. Bb3 Qc7 9. Re1 a5 10. a4 b6 11. Nf1 b5 12. axb5 cxb5 13. Ng3 Nb6 14. Bc2 Bg4 15. Bd3 exd4 16. cxd4 b4 17. h3 Be6 18. Ng5 h6 19. Nxe6 fxe6 20. Bd2 Qd7 21. Qe2 Ne8 22. Bb5 Qd8 23. Qg4 Nc7 24. Bc6 Bf6 25. Bxa8 Bxd4 26. Be3 Bxe3 27. fxe3 Qxa8 28. Nh5 g5 29. h4 Qd8 30. hxg5 Qxg5 31. Qxg5+ hxg5 32. Rxa5 e5 33. Rc1 Nba8 34. Rd1 Rd8 35. Rxe5 Kf7 36. Rxg5 Ne6 37. Rb5 Ke7 38. Rxb4 Nc5 39. Ng3 Ke6 40. Rc4 Nd7 41. Nf5 Ne5 42. Rcd4 Nf7 43. Kf2 Nc7 44. g4 Ne8 45. Rb4 Rc8 46. Kg3 Nf6 47. Kf4 Rg8 48. Nd4+ Ke7 49. Rb7+ Nd7 50. Rh1 Rg6 51. Rh7 Rf6+ 52. Nf5+ Ke6 53. g5 1-0

[Event "AUT-chT (Women) 1516"]
[Site "Austria"]
[Date "2015.11.07"]
[Round "2.2"]
[White "Froewis, Annika"]
[Black "Tarmastin, Laura"]
[Result "1-0"]
[WhiteElo "2061"]
[BlackElo "1837"]
[PlyCount "51"]
[EventDate "2015.11.06"]
[EventType "team-swiss"]
[EventRounds "7"]
[EventCountry "AUT"]
[SourceTitle "EXT 2017"]
[Source "ChessBase"]
[SourceDate "2016.10.25"]
[SourceVersion "1"]
[SourceVersionDate "2016.10.25"]
[SourceQuality "1"]
[WhiteTeam "Dornbirn (W)"]
[BlackTeam "St Veit/Glan (W)"]
[WhiteTeamCountry "AUT"]
[BlackTeamCountry "AUT"]

1. e4 g6 2. d4 Bg7 3. Nc3 d6 4. f4 Nc6 5. Be3 e5 6. Bb5 Bd7 7. Nf3 exd4 8. Nxd4 Nf6 9. Be2 0-0 10. Bf3 Re8 11. 0-0 a6 12. Re1 Rb8 13. a3 Be6 14. Nxe6 Rxe6 15. Qd3 Qe8 16. Rad1 Re7 17. Bf2 Qd7 18. Bh4 Ree8 19. e5 Nh5 20. Bxh5 gxh5 21. Ne4 Qg4 22. Bf6 Bh6 23. exd6 cxd6 24. Bc3 Kf8 25. Qxd6+ Ne7 26. Qxh6+ 1-0

[Event "AUT-chT (Women) 1415"]
[Site "Austria"]
[Date "2015.03.20"]
[Round "8.1"]
[White "Trippold, Denise"]
[Black "Tarmastin, Laura"]
[Result "1-0"]
[WhiteElo "2043"]
[BlackElo "1832"]
[PlyCount "73"]
[EventDate "2014.10.03"]
[EventType "team-swiss"]
[EventRounds "9"]
[EventCountry "AUT"]
[SourceTitle "EXT 2016"]
[Source "ChessBase"]
[SourceDate "2015.10.08"]
[SourceVersion "1"]
[SourceVersionDate "2015.10.08"]
[SourceQuality "1"]
[WhiteTeam "Baden Invest (W)"]
[BlackTeam "St Veit/Glan (W)"]
[WhiteTeamCountry "AUT"]
[BlackTeamCountry "AUT"]

1. d4 Nf6 2. c4 g6 3. Nc3 Bg7 4. e4 d6 5. h3 0-0 6. Nf3 e5 7. d5 Nh5 8. g3 Qe8 9. Be2 Na6 10. Be3 Bd7 11. Nd2 Nf6 12. a3 c6 13. b4 Qc8 14. g4 Kh8 15. Rc1 Ne8 16. Rg1 Qd8 17. g5 f5 18. exf5 gxf5 19. f4 Qe7 20. Nf3 Nec7 21. Qd2 Rfe8 22. Kd1 Rac8 23. h4 exf4 24. Bd4 cxd5 25. cxd5 Kg8 26. Re1 Qf7 27. Bxg7 Kxg7 28. Qxf4 Kg8 29. Qxd6 Ba4+ 30. Nxa4 Red8 31. Qf4 Qxd5+ 32. Nd2 Qb3+ 33. Rc2 Qb1+ 34. Rc1 Qb3+ 35. Rc2 Ne6 36. Bc4 Rxc4 37. Qxc4 1-0

[Event "AUT-chT (Women) 1415"]
[Site "Austria"]
[Date "2015.03.01"]
[Round "6.1"]
[White "Horvath, Reka"]
[Black "Tarmastin, Laura"]
[Result "1-0"]
[WhiteElo "2012"]
[BlackElo "1832"]
[PlyCount "29"]
[EventDate "2014.10.03"]
[EventType "team-swiss"]
[EventRounds "9"]
[EventCountry "AUT"]
[SourceTitle "EXT 2016"]
[Source "ChessBase"]
[SourceDate "2015.10.08"]
[SourceVersion "1"]
[SourceVersionDate "2015.10.08"]
[SourceQuality "1"]
[WhiteTeam "Feldbach Kirchberg (W)"]
[BlackTeam "St Veit/Glan (W)"]
[WhiteTeamCountry "AUT"]
[BlackTeamCountry "AUT"]

1. e4 e5 2. Nf3 Nc6 3. Bb5 a6 4. Ba4 Nge7 5. c3 g6 6. d4 b5 7. Bb3 exd4 8. cxd4 Bg7 9. Nc3 0-0 10. Bg5 Qe8 11. 0-0 Bb7 12. Re1 d6 13. Nd5 Qd8 14. Rc1 Rc8 15. Rxc6 1-0

[Event "AUT-chT (Women) 1415"]
[Site "Austria"]
[Date "2014.10.03"]
[Round "1.1"]
[White "Tarmastin, Laura"]
[Black "Hiebler, Laura"]
[Result "1/2-1/2"]
[WhiteElo "1832"]
[BlackElo "1921"]
[PlyCount "59"]
[EventDate "2014.10.03"]
[EventType "team-swiss"]
[EventRounds "9"]
[EventCountry "AUT"]
[SourceTitle "EXT 2016"]
[Source "ChessBase"]
[SourceDate "2015.10.08"]
[SourceVersion "1"]
[SourceVersionDate "2015.10.08"]
[SourceQuality "1"]
[WhiteTeam "St Veit/Glan (W)"]
[BlackTeam "Schachamazonen (W)"]
[WhiteTeamCountry "AUT"]
[BlackTeamCountry "AUT"]

1. e4 e6 2. d4 d5 3. exd5 exd5 4. Bf4 Nf6 5. Nf3 Bg4 6. Be2 Bd6 7. Bxd6 Qxd6 8. c3 0-0 9. 0-0 c6 10. Ne5 Bxe2 11. Qxe2 Nbd7 12. Nxd7 Qxd7 13. Qd3 Rae8 14. Nd2 Ne4 15. Rae1 Nxd2 16. Qxd2 Rxe1 17. Rxe1 Re8 18. f3 Kf8 19. Kf2 Qf5 20. Rxe8+ Kxe8 21. Qe3+ Kd7 22. Qd2 b6 23. a3 a5 24. Qe2 h5 25. Qa6 Qc2+ 26. Qe2 Qc1 27. Kg3 b5 28. Kh3 Qf4 29. g3 Qf5+ 30. Kg2 1/2-1/2

[Event "AUT-chT (Women) 1314"]
[Site "Austria"]
[Date "2013.12.08"]
[Round "3"]
[White "Tarmastin, Laura"]
[Black "Newrkla, Katharina"]
[Result "0-1"]
[WhiteElo "1831"]
[BlackElo "2181"]
[PlyCount "90"]
[EventDate "2013.12.06"]
[EventType "team-tourn"]
[EventRounds "9"]
[EventCountry "AUT"]
[SourceTitle "EXT 2015"]
[Source "ChessBase"]
[SourceDate "2014.11.20"]
[SourceVersion "1"]
[SourceVersionDate "2014.11.20"]
[SourceQuality "1"]
[WhiteTeam "St Veit/Glan (W)"]
[BlackTeam "Wulkaprodersdorf (W)"]
[WhiteTeamCountry "AUT"]
[BlackTeamCountry "AUT"]

1. e4 c5 2. Nf3 d6 3. d4 cxd4 4. Nxd4 Nf6 5. Nc3 a6 6. Be3 e5 7. Nb3 Be6 8. f3 Nbd7 9. Qd2 b5 10. 0-0-0 Rc8 11. Kb1 Be7 12. g4 Nb6 13. Qf2 Nfd7 14. h4 Rxc3 15. bxc3 Na4 16. Qe1 Qc7 17. Bd2 Ndb6 18. Rg1 Nc4 19. Bxc4 bxc4 20. Rc1 0-0 21. Rg2 Rb8 22. Qd1 Qa5 23. h5 Nxc3+ 24. Bxc3 Qxc3 25. Qd2 Qxd2 26. Rxd2 Bg5 27. Rxd6 Bxc1 28. Kxc1 cxb3 29. axb3 Ra8 30. Kb2 h6 31. Kc3 Kf8 32. Kb4 Ke7 33. Rd3 a5+ 34. Ka3 Ra6 35. Kb2 a4 36. Rd2 axb3 37. cxb3 Rd6 38. Rc2 Rd3 39. Rc3 Rxc3 40. Kxc3 Kf6 41. b4 Kg5 42. Kd2 Kf4 43. Ke2 Bc4+ 44. Kf2 Bb5 45. Kg2 Be2 0-1

[Event "AUT-ch U18 Girls"]
[Site "Marz"]
[Date "2013.03.25"]
[Round "3"]
[White "Trenkwalder, Verena"]
[Black "Tarmastin, Laura"]
[Result "0-1"]
[WhiteElo "1552"]
[BlackElo "1744"]
[PlyCount "112"]
[EventDate "2013.03.24"]
[EventType "swiss"]
[EventRounds "7"]
[EventCountry "AUT"]
[SourceTitle "EXT 2015"]
[Source "ChessBase"]
[SourceDate "2014.11.20"]
[SourceVersion "1"]
[SourceVersionDate "2014.11.20"]
[SourceQuality "1"]

1. e4 e5 2. Nf3 Nc6 3. Bb5 a6 4. Ba4 Nge7 5. 0-0 g6 6. c3 Bg7 7. d3 0-0 8. Bg5 b5 9. Bb3 h6 10. Bh4 Na5 11. Bc2 d6 12. h3 c5 13. Nbd2 Bb7 14. Nb3 Nac6 15. Re1 Qc7 16. Nfd2 g5 17. Bg3 Ng6 18. Qh5 Nd8 19. h4 Nf4 20. Bxf4 gxf4 21. c4 Bc8 22. Bd1 Qd7 23. Nc1 Kh7 24. Nf3 f6 25. Nh2 f5 26. Bf3 Ra7 27. exf5 Qf7 28. Qg6+ Qxg6 29. fxg6+ Kxg6 30. b3 Kf7 31. Bd5+ Be6 32. Bxe6+ Nxe6 33. Ne2 Rg8 34. g3 Bf6 35. Nf3 e4 36. dxe4 Bxa1 37. Rxa1 b4 38. Rd1 Ke7 39. e5 Rd7 40. Kh2 fxg3+ 41. fxg3 Rf8 42. Rd3 Rdd8 43. Kg2 a5 44. Kg1 Rxf3 45. exd6+ Rxd6 46. Rxf3 Rd2 47. Re3 Kf6 48. Nf4 Nxf4 49. gxf4 Rxa2 50. Re5 a4 51. bxa4 b3 52. Rxc5 b2 53. Rb5 Ra1+ 54. Kg2 b1Q 55. Rxb1 Rxb1 56. Kf3 Rc1 0-1

[Event "Lienz op 17th"]
[Site "Lienz"]
[Date "2013.02.09"]
[Round "1"]
[White "Jenul, Reinhold"]
[Black "Tarmastin, Laura"]
[Result "1-0"]
[WhiteElo "2068"]
[BlackElo "1736"]
[PlyCount "61"]
[EventDate "2013.02.09"]
[EventType "swiss"]
[EventRounds "9"]
[EventCountry "AUT"]
[SourceTitle "CBM 152 Extra"]
[Source "ChessBase"]
[SourceDate "2013.02.25"]
[SourceVersion "1"]
[SourceVersionDate "2013.02.25"]
[SourceQuality "1"]

1. Nf3 Nf6 2. g3 g6 3. Bg2 Bg7 4. c4 d6 5. d4 0-0 6. Nc3 Na6 7. 0-0 c5 8. h3 Nc7 9. e4 cxd4 10. Nxd4 Ne6 11. Be3 Bd7 12. Kh2 Rc8 13. b3 a6 14. e5 dxe5 15. Nxe6 Bxe6 16. Qxd8 Rcxd8 17. Bxb7 Rd3 18. Na4 Bc8 19. Nc5 Rd6 20. Rad1 Bxb7 21. Rxd6 exd6 22. Nxb7 Ne8 23. Rd1 f5 24. Nxd6 Nc7 25. Nb7 Rb8 26. Nc5 Bf8 27. Rd7 Rc8 28. Na4 Ne6 29. Nb6 Rc6 30. Nd5 Bg7 31. Ne7+ 1-0

[Event "EU-ch U18 Girls"]
[Site "Prague"]
[Date "2012.08.21"]
[Round "5"]
[White "Cormican, Ruth"]
[Black "Tarmastin, Laura"]
[Result "0-1"]
[WhiteElo "1654"]
[BlackElo "1747"]
[PlyCount "78"]
[EventDate "2012.08.17"]
[EventType "swiss"]
[EventRounds "9"]
[EventCountry "CZE"]
[SourceTitle "CBM 150 Extra"]
[Source "ChessBase"]
[SourceDate "2012.10.19"]
[SourceVersion "1"]
[SourceVersionDate "2012.10.19"]
[SourceQuality "1"]

1. e4 e5 2. Nf3 Nc6 3. Bb5 a6 4. Ba4 Nf6 5. 0-0 b5 6. Bb3 Bc5 7. Re1 0-0 8. c3 d6 9. d4 Bb6 10. Bg5 Bb7 11. Qd3 h6 12. Bh4 Re8 13. Nbd2 Na5 14. Bc2 c5 15. d5 c4 16. Qe2 Rc8 17. h3 Rc7 18. g4 Bc8 19. Qf1 Kh8 20. Qg2 Rg8 21. Nf1 g5 22. Bg3 h5 23. gxh5 Nxh5 24. Qh2 Qd7 25. Nxe5 dxe5 26. Bxe5+ f6 27. Bxc7 Bxc7 28. Qh1 g4 29. h4 g3 30. Qf3 gxf2+ 31. Kxf2 Qg4 32. Qxg4 Rxg4 33. Ke2 Nf4+ 34. Kd2 Rg2+ 35. Kc1 Nd3+ 36. Bxd3 cxd3 37. Rd1 Bf4+ 38. Kb1 Nc4 39. Nd2 Nxd2+ 0-1

[Event "AUT-ch U18 Girls"]
[Site "Untersiebenbrunn"]
[Date "2012.04.02"]
[Round "3"]
[White "Tarmastin, Laura"]
[Black "Huber, Elke Carola"]
[Result "1/2-1/2"]
[WhiteElo "1769"]
[BlackElo "1721"]
[PlyCount "66"]
[EventDate "2012.04.01"]
[EventType "swiss"]
[EventRounds "7"]
[EventCountry "AUT"]
[SourceTitle "CBM 147 Extra"]
[Source "ChessBase"]
[SourceDate "2012.04.24"]
[SourceVersion "1"]
[SourceVersionDate "2012.04.24"]
[SourceQuality "1"]

1. e4 e5 2. Nf3 Nc6 3. Bc4 Bc5 4. c3 Nf6 5. d3 d5 6. exd5 Nxd5 7. Qb3 0-0 8. Bxd5 Na5 9. Bxf7+ Rxf7 10. Qb5 b6 11. Bg5 Qf8 12. Qa4 Bd7 13. Qc2 Nc6 14. Nbd2 Re8 15. 0-0 Be7 16. Bxe7 Qxe7 17. Rae1 Qf6 18. Ne4 Qg6 19. Ng3 Bg4 20. Nd2 Rd7 21. Nde4 Red8 22. f3 Be6 23. Rd1 Ne7 24. Kf2 h6 25. Rd2 Qf7 26. b3 Ng6 27. Rfd1 c5 28. c4 Nf4 29. Ne2 Qg6 30. N2g3 Qf7 31. Qc3 Ng6 32. Ne2 Qe7 33. g3 Qf7 1/2-1/2

[Event "Feffernitz Raika op 20th"]
[Site "Feffernitz"]
[Date "2011.08.21"]
[Round "2"]
[White "Zozulia, Anna"]
[Black "Tarmastin, Laura"]
[Result "1-0"]
[WhiteElo "2381"]
[BlackElo "1789"]
[PlyCount "69"]
[EventDate "2011.08.21"]
[EventType "swiss"]
[EventRounds "9"]
[EventCountry "AUT"]
[SourceTitle "CBM 144 Extra"]
[Source "ChessBase"]
[SourceDate "2011.10.28"]
[SourceVersion "1"]
[SourceVersionDate "2011.10.28"]
[SourceQuality "1"]

1. e4 e5 2. Bc4 Nc6 3. Nf3 Bc5 4. 0-0 Nf6 5. d3 0-0 6. c3 d6 7. b4 Bb6 8. a4 a5 9. b5 Ne7 10. Bg5 Ng6 11. Nh4 Nxh4 12. Bxh4 Be6 13. Nd2 Qe8 14. Bxf6 gxf6 15. Qh5 Kh8 16. Bd5 Qc8 17. Qh6 f5 18. Qf6+ Kg8 19. Nf3 Bxd5 20. exd5 Qd7 21. Nh4 Qd8 22. Qxd8 Raxd8 23. Nxf5 f6 24. g4 Kh8 25. Kg2 Rd7 26. Kg3 Rg8 27. f4 Rg6 28. Rf3 Rd8 29. h3 h5 30. Raf1 hxg4 31. hxg4 Rd7 32. Rh1+ Kg8 33. Rh5 Rh7 34. Rxh7 Kxh7 35. Rf1 1-0